Statystyki dla Czy ktoś kiedykolwiek to zrobił? #2

Kliknij tutaj aby rozwiązać quiz!

Ogólne statystyki

  • Ten quiz został rozwiązany 14 702 razy
  • Średni wynik to 10 z 15

Statystyki odpowiedzi

ZagadnienieOdpowiedź% Poprawnych
Czy ktoś kiedykolwiek polizał swój nos (nie przeprowadzając operacji)?Tak
93%
Czy ktoś kiedykolwiek został trafiony przez piorun dwukrotnie?Tak
89%
Czy ktoś kiedykolwiek sklonował człowieka?Nie
82%
Czy ktoś kiedykolwiek zrobił wsad w meczu piłki koszykowej WNBA?Tak
81%
Czy ktoś kiedykolwiek urodził więcej niż 20 dzieci, które przeżyły?Tak
79%
Czy ktoś kiedykolwiek odmówił Nagrody Nobla?Tak
77%
Czy ktoś kiedykolwiek żył co najmniej 150 lat i zostało to udowodnione?Nie
74%
Czy ktoś kiedykolwiek urodził dziecko będąc papieżem?Nie
70%
Czy ktoś kiedykolwiek został uderzony przez meteoryt?Tak
60%
Czy ktoś kiedykolwiek przebiegł milę (1,609 km) w mniej niż 4 minuty?Tak
58%
Czy ktoś kiedykolwiek widział ciemną stronę Księżyca?Tak
58%
Czy ktoś kiedykolwiek wspiął się na Mount Everest bez dodatkowego tlenu?Tak
57%
Czy ktoś kiedykolwiek uciekł z ADX Florence, jedynego amerykańskiego więzienia "Supermax"?Nie
44%
Czy ktoś kiedykolwiek uzyskał birdie lub lepszy wynik na każdym dołku, w rundzie golfa na 18-dołkowym polu golfowym?Nie
31%
Czy ktoś kiedykolwiek schwytał wielką kałamarnicę i umieścił ją w akwarium?Nie
29%

Rozkład punktacji

Percentyl według liczby udzielonych odpowiedzi

Procent ludzi z każdym wynikiem

Twoja historia wyników

Nie rozwiązałeś tego quizu